Sesame Street Characters by Description - Statistics

General Stats
  • This quiz has been taken 304 times
  • The average score is 11 of 15
Answer Stats
Description Character % Correct
8'2" Canary Big Bird
96%
Speaks Only in Third Person Elmo
93%
Exists in a Garbage Can Oscar the Grouch
93%
Baked Dessert Addict Cookie Monster
91%
Loves Numbers Count von Count
91%
Loves Rubber Duckies Ernie
86%
Likes Pigeons and Bottle Caps Bert
83%
Is also a Superhero Grover
81%
It's Not Easy Being Green Kermit the Frog
70%
Magical Fairy with a Garden Abby Cadabby
67%
Turquoise Mexican Muppet Rosita
62%
Owns a Pet Rock Zoe
60%
Is Very Anxious and likes Triangles Telly Monster
51%
Disturbingly Long Eyelashes Snuffy/Mr. Snuffleupagus
42%
Energetic 'Word of the Day' Host Murray
34%
No matching quizzes found
Score Distribution
Percent of People with Each Score
Percentile by Number Answered
Your Score History
You have not taken this quiz